| 000 | 01201cam a2200229 4500 | ||
|---|---|---|---|
| 001 | WB3931-12 | ||
| 008 | 030813n2003 000 0 eng u | ||
| 035 | _a(Sirsi) u123260 | ||
| 245 | _aStatistics for brownfield land available for development | ||
| 260 | _c2003 | ||
| 490 |
_aODPM News Release _v(2003/0164) 7 August 2003 (2) |
||
| 520 | _aThe "National Land Use Database of Previously-Developed Land for 2002" shows that the total amounts were very similar to those in 2001, showing 65 000 hectares of brownfield land available for development. The estimates are compiled from information on individual sites supplied by local authorities in England and give a snapshot for 31 March 2002. This is now an annual survey, initiated in 1998. More detailed results will be published in September 2003. Results from previous surveys can be found at http://nlud.org.uk. http://www.odpm.gov.uk/pns/DisplayPN.cgi?pn_id=2003_0164 | ||
| 590 | _aWB | ||
| 650 | _aBROWNFIELD SITES | ||
| 650 | _aSURVEYS | ||
| 650 | _aDATABASES | ||
| 650 |
_aAffordable housing _96215 |
||
| 650 | _aNEW DEVELOPMENTS | ||
| 650 | _aNATIONAL LAND USE DATABASE | ||
| 690 | _aPROPERTY-PROPERTY DEVELOPMENT | ||
| 942 | _n0 | ||
| 999 |
_c73211 _d73211 |
||